[Event "HCL-B3922"]
[Site "www.playchess.de"]
[Date "2006.03.24"]
[Round "4"]
[White "Russ"]
[Black "IRONMAIDEN"]
[WhiteElo "1101"]
[BlackElo "1203"]
[PlyCount "90"]
[Result "0-1"]

1.e4 {Hi}  e5 {hello again}  2.Bc4 Bc5 3.h3 Nf6 
4.d3 O-O 5.Bg5 Be7 6.Nf3 d6 7.O-O Nfd7 8.Bxe7 Qxe7 
9.Nc3 c6 10.Nh2 Nb6 11.Qf3 N8d7 12.b4 Nxc4 13.dxc4 
a6 14.Qg3 Nf6 15.f4 b5 16.fxe5 Qxe5 17.Qxe5 dxe5 
18.Rxf6 gxf6 19.c5 Be6 20.Rf1 Kg7 21.Rf3 Rad8 
22.Ng4 Rd2 23.Rg3 Kh8 24.Nxf6 Rxc2 25.a3 Rc1+ 
26.Kf2 Ra1 27.Rg5 Rxa3 28.Rh5 Kg7 29.Nxh7 Rxc3 
30.Nxf8 Kxf8 31.Rxe5 Rc4 32.g4 Rxb4 33.Kf3 a5 
34.h4 a4 35.g5 Kg7 36.h5 a3 37.Rxe6 fxe6 38.Kf4 a2 
39.Ke5 a1Q+ 40.Kd6 Qd4+ 41.Kxc6 Qxe4+ 42.Kb6 Qa8 
43.c6 Rc4 44.h6+ Kg6 45.c7 b4 0-1

[Event "HCL-A2622"]
[Site "www.playchess.de"]
[Date "2006.03.24"]
[Round "12"]
[White "Wernswig"]
[Black "Kinslayer"]
[WhiteElo "1411"]
[BlackElo "1726"]
[PlyCount "74"]
[Result "0-1"]

1.e4 {hi, viel glück
}  c5 {danke gleichfalls}  2.f4 Nc6 3.Nf3 d6 4.Bc4 
e6 5.O-O Nf6 6.Nc3 Be7 7.d3 O-O 8.Ng5 Nd4 9.e5 
dxe5 10.fxe5 Nd5 11.Bxd5 Bxg5 12.Bxg5 Qxg5 13.Be4 
Qxe5 14.Re1 Qg5 15.Ne2 Nxe2+ 16.Qxe2 Rb8 17.Qf2 b6 
18.Re3 f5 19.Rg3 Qf6 20.Bc6 Bb7 21.Ba4 Kh8 22.c3 
Rbd8 23.Re1 Rd6 24.Bc2 Ba6 25.Rge3 Rfd8 26.d4 cxd4 
27.cxd4 Qxd4 28.Bxf5 g6 29.Bxe6 Re8 30.Kh1 Rdxe6 
31.R3xe6 Qxf2 32.R6xe8+ Kg7 33.R8e7+ Kh6 34.R7e3 
Bb7 35.Rh3+ Kg7 36.Re7+ Kf6 37.Rxb7 
Qf1+ 0-1

[Event "HCL-A2617"]
[Site "www.playchess.de"]
[Date "2006.03.24"]
[Round "14"]
[White "GCP"]
[Black "mrchess"]
[WhiteElo "1462"]
[BlackElo "1473"]
[PlyCount "82"]
[Result "0-1"]

1.e4 {hello, have a good game}  c5 {thanks you 
too}  2.c3 Nc6 3.d4 cxd4 4.cxd4 d5 5.e5 e6 6.Nf3 
Be7 7.Nc3 a6 8.Be3 b5 9.a3 Na5 10.Nd2 Nc4 11.Nxc4 
bxc4 12.Be2 Bg5 13.Bxg5 Ne7 14.O-O O-O 15.f4 Qc7 
16.Bg4 Ng6 17.f5 exf5 18.Bxf5 Be6 19.Bxg6 hxg6 
20.Qf3 Rab8 21.Nxd5 Bxd5 22.Qe3 Rxb2 23.Rf2 Rfb8 
24.Bf4 R8b3 25.Qc1 Qb7 26.Rxb2 Rxb2 27.g3 Rg2+ 
28.Kf1 Rxh2 29.Qc3 Qd7 30.g4 Rh1+ 31.Kf2 Qxg4 
32.Rxh1 Qxf4+ 33.Ke2 Qe4+ 34.Kf2 Qxh1 35.Qa5 Qf3+ 
36.Ke1 Qg3+ 37.Kd2 Qf2+ 38.Kc1 Qe3+ 39.Kb2 Qxd4+ 
40.Kc1 c3 41.Qxa6 Qd2+ 0-1

[Event "HCL-E1590"]
[Site "www.playchess.de"]
[Date "2006.03.24"]
[Round "20"]
[White "Sobral"]
[Black "maus"]
[WhiteElo "1500"]
[BlackElo "1421"]
[PlyCount "62"]
[Result "0-1"]

1.e4 e5 2.Nf3 d6 3.d4 exd4 4.Nxd4 Nf6 5.Nc3 Be7 
6.Be2 O-O 7.O-O a6 8.f4 c5 9.Nb3 Nc6 10.Be3 Be6 
11.Bf3 Nb4 12.Qe2 Rb8 13.Rad1 Qc7 14.a3 Nc6 15.Nd5 
Bxd5 16.exd5 Nd8 17.Nd2 b5 18.c4 bxc4 19.Nxc4 Nb7 
20.Rdb1 Na5 21.b4 cxb4 22.Nxa5 Qxa5 23.axb4 Qa4 
24.Rba1 Qxb4 25.Rxa6 Qb3 26.Rfa1 Nxd5 27.Bd4 Rfe8 
28.R6a3 Qb4 29.R3a4 Nc3 30.Qxe7 Nxa4 31.Qa7 
Re1+ 0-1

[Event "HCL-M883"]
[Site "www.playchess.de"]
[Date "2006.03.24"]
[Round "20"]
[White "luciano59"]
[Black "Emerson"]
[WhiteElo "2269"]
[BlackElo "1802"]
[PlyCount "51"]
[Result "1-0"]

1.e4 e5 {benvenuto!}  2.f4 {ciao e buon gioco}  
Qe7 {grazie}  3.Nf3 d6 4.Nc3 c6 5.d4 Bg4 6.dxe5 
dxe5 7.h3 Bxf3 8.Qxf3 Nd7 9.Bd2 O-O-O 10.Be2 Ngf6 
11.O-O-O h6 12.Be3 b6 13.Ba6+ Kb8 14.Rd2 g5 
15.fxg5 hxg5 16.Rf1 Bh6 17.g4 Rh7 18.Qf5 Rg7 19.a3 
Ne8 20.Rfd1 f6 21.Na2 c5 22.Bb5 Kc7 {chess is not 
a nice game   :-(((}  23.R2xd7+ Rxd7 24.Rxd7+ Qxd7 
{Well, you are tooo strong for me...}  25.Bxd7 
{thank you}  Rxd7 {the end is near...}  26.Qg6 
{yes}  1-0

[Event "HCL-C4075"]
[Site "www.playchess.de"]
[Date "2006.03.24"]
[Round "4"]
[White "Maneco"]
[Black "dreptenainte"]
[WhiteElo "1063"]
[BlackElo "1600"]
[PlyCount "66"]
[Result "0-1"]

1.e4 {Happy new year!!!!}  c6 2.d4 d5 {Happy New 
Year too!}  3.e5 Bf5 4.Nf3 e6 5.g3 Ne7 6.Nc3 Nd7 
7.Bd3 Bxd3 8.Qxd3 Ng6 9.O-O Be7 10.Be3 O-O 11.b3 
Rc8 12.h4 h5 13.Qe2 c5 14.Bg5 Nh8 15.Bxe7 Qxe7 
16.Ng5 g6 17.Qe3 cxd4 18.Qxd4 Qc5 19.Qxc5 Rxc5 
20.Na4 Rxc2 21.Nf3 Rcc8 22.Rfe1 f6 23.Nd4 fxe5 
24.Nxe6 Rf6 25.Ng5 Nf7 26.Nxf7 Kxf7 27.Nb2 Rc2 
28.Nd3 e4 29.Nb4 Rd2 30.Red1 Rfxf2 31.Rxd2 Rxd2 
32.Rf1+ Ke6 33.a4 a5 0-1

[Event "HCL-B3932"]
[Site "www.playchess.de"]
[Date "2006.03.24"]
[Round "1"]
[White "arsenio"]
[Black "Maneco"]
[WhiteElo "1119"]
[BlackElo "1111"]
[PlyCount "30"]
[Result "1-0"]

1.e4 e5 {Hello!}  2.Nf3 Nf6 3.Nxe5 {Hi!}  Nxe4 
4.Qe2 Nf6 5.Nc6+ Qe7 6.Nxe7 Bxe7 7.g3 Nc6 8.Bg2 
O-O 9.O-O Nd4 10.Qd1 d5 11.Nc3 c6 12.Ne2 Bg4 13.f3 
Bf5 14.Nxd4 Bc5 15.c3 Nd7 1-0

[Event "HCL-B3773"]
[Site "www.playchess.de"]
[Date "2006.03.24"]
[Round "3"]
[White "Du10"]
[Black "sonnyspock"]
[WhiteElo "1034"]
[BlackElo "1138"]
[PlyCount "70"]
[Result "0-1"]

1.e4 e6 2.Qf3 d5 3.Nc3 Bb4 4.Nh3 Nf6 5.Nb5 a6 
6.Nc3 dxe4 7.Nxe4 Nbd7 8.c3 Ba5 9.b4 Bb6 10.b5 
axb5 11.Bxb5 O-O 12.Nxf6+ Nxf6 13.Ng5 Ra5 14.c4 c6 
15.Bxc6 bxc6 16.Ne4 Re5 17.d3 Qd4 18.O-O Qxa1 
19.Bf4 Qd4 20.Bxe5 Qxe5 21.Re1 Nxe4 22.Rxe4 Qc5 
23.Rh4 e5 24.Kh1 f5 25.Kg1 f4 26.Kf1 Bf5 27.g4 
Bxd3+ 28.Kg2 Be4 29.Qxe4 Qxf2+ 30.Kh3 Qe3+ 31.Qxe3 
fxe3 32.Kg2 Rf2+ 33.Kg1 Rxa2 34.Kf1 e2+ 35.Ke1 
Ba5+ 0-1

[Event "HCL-E1588"]
[Site "www.playchess.de"]
[Date "2006.03.24"]
[Round "6"]
[White "Aspirin"]
[Black "carlosmadeira"]
[WhiteElo "2002"]
[BlackElo "1574"]
[PlyCount "93"]
[Result "1/2-1/2"]

1.d4 d5 2.c4 e6 3.Nc3 Nc6 4.cxd5 exd5 5.Nf3 h6 
6.Qb3 Nf6 7.Bf4 a6 8.e3 Bb4 9.Bd3 O-O 10.O-O Bg4 
11.Ne5 Bxc3 12.Nxc6 bxc6 13.Qxc3 Bd7 14.Rac1 Qc8 
15.Bc2 Ne4 16.Bxe4 dxe4 17.Qa5 Ra7 18.Rc5 f5 19.h4 
Rf6 20.Re5 Be6 21.Rc1 Bd5 22.Re7 Rf7 23.Qc5 Rb7 
24.Rxf7 Kxf7 25.b3 Rb5 26.Qa7 Qb7 27.Qxb7 Rxb7 
28.Rc5 h5 {(offering draw)}  29.Ra5 Ra7 30.Ra4 g6 
31.Rb4 Ke7 32.Rb8 Be6 33.Kf1 a5 34.a4 Kd7 35.Ke2 
c5 36.dxc5 Kc6 37.Rb5 Kd5 38.c6+ Kxc6 39.Kd2 Ra8 
40.Kc3 Rd8 41.Rxa5 Rd3+ 42.Kc2 Bxb3+ 43.Kb2 Rd5 
44.Ra6+ Kb7 45.Rxg6 Bxa4 46.Rg7 Rc5 47.Rg5 
{(offering draw)}  1/2-1/2

[Event "HCL-B3968"]
[Site "www.playchess.de"]
[Date "2006.03.24"]
[Round "10"]
[White "MrM"]
[Black "chn"]
[WhiteElo "1239"]
[BlackElo "1071"]
[PlyCount "65"]
[Result "1-0"]

1.e4 e5 2.Nf3 Nc6 3.Bc4 Na5 4.Nxe5 Nxc4 5.Nxc4 d5 
6.exd5 Qxd5 7.Qe2+ Ne7 8.O-O Be6 9.Ne3 Qe4 10.d3 
Qe5 11.Nc3 Nf5 12.Re1 Nd4 13.Qd1 O-O-O 14.Ng4 Qd6 
15.a3 h5 16.Ne5 f6 17.Ng6 Rg8 18.Qxh5 Nxc2 19.Bf4 
Qd4 20.Rxe6 Nxa1 21.Qf5 Kb8 22.Bxc7+ Ka8 23.Bxd8 
Qxd8 24.Nb5 a6 25.Nc3 Nc2 26.Qd5 Qc8 27.Nxf8 Rxf8 
28.Na4 Nd4 29.Nb6+ Kb8 30.Nxc8 Rxc8 31.Re1 Ne2+ 
32.Kf1 g5 33.Rxe2 1-0

[Event "HCL-C4228"]
[Site "www.playchess.de"]
[Date "2006.03.24"]
[Round "10"]
[White "mattyboi"]
[Black "Kelthek"]
[WhiteElo "804"]
[BlackElo "733"]
[PlyCount "32"]
[Result "0-1"]

1.e4 e5 {hello and good luck!}  2.Nf3 {same to you 
mate}  Nf6 3.Nc3 Nc6 4.Bd3 Bc5 5.b3 d6 6.g4 Nxg4 
7.Rg1 Nd4 8.Nxd4 Bxd4 9.Bb5+ Bd7 10.Rxg4 Qf6 
11.Rg2 c6 12.Ba4 Bh3 13.f4 Bxg2 14.Ke2 Qxf4 15.Ba3 
Qf3+ 16.Ke1 Qf1+ 0-1

[Event "HCL-E1487"]
[Site "www.playchess.de"]
[Date "2006.03.24"]
[Round "8"]
[White "Glomp"]
[Black "Wernswig"]
[WhiteElo "1668"]
[BlackElo "1423"]
[PlyCount "135"]
[Result "1-0"]

1.e4 e5 {hallo, auf ein neues}  2.Nf3 {Packen 
wir's mal wieder!}  Nf6 3.d4 exd4 4.e5 Nd5 5.Qxd4 
Nb6 6.Be2 Nc6 7.Qd1 Be7 8.O-O O-O 9.Nc3 d6 10.exd6 
Bxd6 11.Be3 Be6 12.Ne4 Be7 13.Nc5 Bxc5 14.Bxc5 Re8 
15.c3 Nd7 16.Be3 Nf6 17.Qxd8 Rexd8 18.a3 Nd5 
19.Bg5 f6 20.Bd2 Nde7 21.Bf4 Nd5 22.Bg3 Rd7 
23.Rfe1 Rad8 24.Bb5 Nde7 25.Nd4 Bd5 26.Ne6 Bxe6 
27.Rxe6 R7d1+ 28.Re1 R1d7 29.h3 a6 30.Bc4+ Kh8 
31.Be6 R7d2 32.Bxc7 Ra8 33.b4 Ng6 34.Bf5 Nce5 
35.Rad1 Ra2 36.Rda1 Rd2 37.Red1 Nc4 38.Rxd2 Nxd2 
39.Bd3 Rc8 40.Bxg6 Rxc7 41.Bf5 g6 42.Rd1 Nc4 
43.Be4 Nxa3 44.Rc1 Nb5 45.c4 Nd4 46.Kf1 b5 47.c5 
Nb3 48.Rd1 a5 49.c6 axb4 50.Rd8+ Kg7 51.Rd7+ Rxd7 
52.cxd7 Nd2+ 53.Ke1 Nxe4 54.d8Q b3 55.Qe7+ Kh6 
56.Qxe4 f5 57.Qe3+ Kg7 58.Qxb3 Kf6 59.Qxb5 Kg5 
60.Ke2 Kf6 61.Kf3 Kg5 62.Qe5 h5 63.Qe7+ Kh6 64.h4 
f4 65.Kxf4 g5+ 66.Kf5 gxh4 67.Kf6 h3 
68.Qg7+ 1-0

[Event "HCL-A2586"]
[Site "www.playchess.de"]
[Date "2006.03.24"]
[Round "14"]
[White "GCP"]
[Black "dynamike"]
[WhiteElo "1446"]
[BlackElo "1431"]
[PlyCount "121"]
[Result "1-0"]

1.e4 {hi again, have a good game}  c5 2.c3 d5 
3.exd5 Qxd5 4.d4 Nc6 5.Nf3 Nf6 6.Be2 e6 7.O-O cxd4 
8.Nxd4 Be7 9.Bf3 Qd7 10.Nxc6 bxc6 11.Bf4 O-O 
12.Qc2 Rd8 13.Rd1 Qe8 14.Nd2 Nd5 15.Bg3 Ba6 16.Nb3 
f5 17.h3 Bf6 18.Nc5 Bc8 19.a3 e5 20.Be2 f4 21.Bh2 
Bh4 22.Bc4 Kh8 23.Bd3 Qh5 24.Be2 Qg5 25.c4 Bxh3 
26.Bf3 Nf6 27.Ne4 Qg6 28.Qe2 Nxe4 29.Bxe4 Qg5 
30.Kf1 Bg4 31.f3 Bd7 32.Qc2 g6 33.c5 Bc8 34.Rd6 
Ba6+ 35.Bd3 Bb7 36.Rd1 Rxd6 37.cxd6 Rd8 38.Be4 Qf6 
39.Bxc6 Rc8 40.d7 Ba6+ 41.Kg1 Rd8 42.Ba4 Qf5 
43.Qxf5 gxf5 44.b4 Bb7 45.Kf1 Ba6+ 46.b5 Bb7 
47.Bc2 Kg7 48.Bxf5 Kf6 49.Bxh7 Ke6 50.Bg1 Rxd7 
51.Rxd7 Kxd7 52.Bxa7 Kd6 53.Be4 Bxe4 54.fxe4 Kc7 
55.a4 Kb7 56.Bc5 Bd8 57.Ke2 Bb6 58.Bd6 Bc7 59.Bxc7 
Kxc7 60.Kd3 Kb6 61.Kc4 1-0

[Event "HCL-A2642"]
[Site "www.playchess.de"]
[Date "2006.03.24"]
[Round "8"]
[White "Chris"]
[Black "serjo"]
[WhiteElo "1566"]
[BlackElo "1600"]
[PlyCount "31"]
[Result "1-0"]

1.e4 e5 2.Bc4 Nf6 3.d3 Bc5 4.Nf3 h6 5.O-O d6 6.c3 
Bg4 7.h3 Bh5 8.Nbd2 Nbd7 9.Bb3 Nb6 10.Re1 Qd7 
11.Nf1 g5 12.Ng3 g4 13.Nxh5 Nxh5 14.hxg4 Qxg4 
15.Nh2 Qg6 16.Qf3 1-0

[Event "HCL-C4083"]
[Site "www.playchess.de"]
[Date "2006.03.24"]
[Round "21"]
[White "O_Man"]
[Black "janhsen"]
[WhiteElo "1100"]
[BlackElo "800"]
[PlyCount "70"]
[Result "0-1"]

1.e4 e5 2.Nf3 Nc6 3.Bc4 Bc5 4.d3 Nf6 5.Bg5 O-O 
6.Nc3 d6 7.O-O Bg4 8.Bxf6 Qxf6 9.Nd5 Qd8 10.a3 Nd4 
11.Ne3 Nxf3+ 12.gxf3 Bh3 13.b4 Bxe3 14.Kh1 Bxf1 
15.Qxf1 Bf4 16.Qd1 Qh4 17.Kg1 Qxh2+ 18.Kf1 Qh1+ 
19.Ke2 {well played.}  Qh2 20.d4 Bg3 21.Qf1 exd4 
22.Rd1 c5 23.bxc5 dxc5 24.Rd2 Bf4 25.Rd1 a6 26.Rb1 
b5 27.Bd5 Rab8 28.Kd3 Be5 29.Kd2 Bf4+ 30.Ke2 b4 
31.axb4 Rxb4 32.Rxb4 cxb4 33.Kd3 Rc8 34.Kxd4 Rxc2 
35.Qxa6 Qxf2+ 0-1

[Event "HCL-A2663"]
[Site "www.playchess.de"]
[Date "2006.03.24"]
[Round "4"]
[White "BohdanL"]
[Black "ventura72"]
[WhiteElo "1472"]
[BlackElo "1600"]
[PlyCount "54"]
[Result "0-1"]

1.e4 g6 2.d4 d6 3.Nc3 Bg7 4.Be3 Nd7 5.f3 Ngf6 
6.Qd2 a6 7.O-O-O b5 8.Nge2 Bb7 9.g4 O-O 10.h4 c5 
11.dxc5 Nxc5 12.Bg2 Nfd7 13.h5 Qa5 14.hxg6 fxg6 
15.Kb1 Nb6 16.Nd4 Nc4 17.Qe1 Nxe3 18.Qxe3 Rac8 
19.Nb3 Nxb3 20.cxb3 Bxc3 21.bxc3 Qxc3 22.Qa7 Qc2+ 
23.Ka1 Qxg2 24.Qxb7 Rc2 25.Qd5+ Rf7 26.b4 Qxf3 
27.Rhf1 Qc3+ 0-1

[Event "HCL-E1566"]
[Site "www.playchess.de"]
[Date "2006.03.24"]
[Round "7"]
[White "Dutchin"]
[Black "alldrix"]
[WhiteElo "1627"]
[BlackElo "1624"]
[PlyCount "54"]
[Result "0-1"]

1.e4 e6 {hi!!!}  2.d4 {hello}  d5 3.e5 c5 4.Qg4 
cxd4 5.Nf3 Nc6 6.Bd3 Nge7 7.O-O Ng6 8.Re1 Be7 
9.Nbd2 Qc7 10.Qg3 Bd7 11.Nb3 Nb4 12.Bd2 Nxd3 
13.cxd3 b6 14.Nbxd4 O-O 15.Rac1 Qb7 16.Nb3 Qa6 
17.d4 Qxa2 18.Rc7 Qxb3 19.Rxd7 Rfc8 20.Bg5 Bb4 
21.Rc1 Qxb2 22.Rxc8+ Rxc8 23.h3 a5 24.Rb7 Bc3 
25.Be3 a4 26.Qg5 a3 27.Bc1 Qb1 0-1

[Event "HCL-M875"]
[Site "www.playchess.de"]
[Date "2006.03.24"]
[Round "7"]
[White "ppicollo"]
[Black "BanzayFish"]
[WhiteElo "1779"]
[BlackElo "1889"]
[PlyCount "56"]
[Result "0-1"]

1.e4 {Hello from buenos aires}  g6 {Hi from Delft, 
The Netherlands}  2.d4 c6 3.Nc3 Bg7 4.f4 d5 5.e5 
Nh6 6.Nf3 Bg4 7.Be3 f6 8.h3 Bxf3 9.Qxf3 fxe5 
10.fxe5 Rf8 11.Qe2 Nf5 12.Bf2 Bh6 13.g4 Qb6 
14.Nxd5 Qxb2 15.Rd1 cxd5 16.Qb5+ Qxb5 17.Bxb5+ Nc6 
18.gxf5 Rxf5 19.Rb1 O-O-O 20.Bd3 Rf7 21.c3 Rf3 
22.Ke2 Rdf8 23.Rbf1 e6 24.h4 Kb8 25.h5 gxh5 
26.Rxh5 Be3 27.Rh2 h5 28.Ke1 Bf4 0-1

[Event "HCL-A2617"]
[Site "www.playchess.de"]
[Date "2006.03.24"]
[Round "3"]
[White "ama49"]
[Black "PhilipKaveny"]
[WhiteElo "1138"]
[BlackElo "1324"]
[PlyCount "90"]
[Result "0-1"]

1.e4 {Hello again}  c5 {Hello}  2.Nf3 d6 3.d4 cxd4 
4.Nxd4 Nc6 5.Be3 Nf6 6.Nc3 g6 7.Bb5 Bd7 8.Nxc6 
bxc6 9.Ba4 Bg7 10.O-O O-O 11.Bd4 c5 12.Be3 Bxa4 
13.Nxa4 Nxe4 14.Rb1 Qa5 15.Nc3 Nxc3 16.bxc3 Qxa2 
17.Qd2 Qa5 18.Rb3 Qd8 19.c4 a5 20.Ra3 Qc7 21.c3 
Rfb8 22.Rfa1 Qb6 23.Qc2 Qb2 24.Qxb2 Rxb2 25.Kf1 h5 
26.R3xa5 Rxa5 27.Rxa5 Bxc3 28.Ra7 Bf6 29.Ra4 Kg7 
30.h3 Rb4 31.Rxb4 cxb4 32.Ke1 b3 33.Kd1 b2 34.Kc2 
Bc3 {:)}  35.g4 hxg4 36.hxg4 Kf6 37.f4 e5 38.fxe5+ 
Bxe5 39.c5 dxc5 40.Bxc5 Kg5 41.Be7+ Kxg4 42.Bd8 f5 
43.Ba5 f4 44.Be1 f3 45.Bf2 Bg3 0-1

[Event "ACL-B035"]
[Site "www.playchess.de"]
[Date "2006.03.24"]
[Round "7"]
[White "schlueter"]
[Black "richard"]
[WhiteElo "1372"]
[BlackElo "1596"]
[PlyCount "56"]
[Result "0-1"]

1.d4 f5 2.Nf3 Nf6 3.Bf4 g6 4.e3 Bg7 5.c4 d6 6.Nc3 
O-O 7.Bd3 Nh5 8.O-O Nxf4 9.exf4 c5 10.d5 e5 
11.fxe5 dxe5 12.Bc2 e4 13.Nd2 Be5 14.Nb3 Qd6 15.g3 
Na6 16.Nb5 Qb6 17.d6 Be6 18.f4 Bxb2 19.Rb1 Bxc4 
20.Rxb2 Qxb5 21.Re1 Rad8 22.Rb1 Nb4 23.a3 Nxc2 
24.Qxc2 Bd3 25.Nxc5 Qxb1 26.Qxb1 Bxb1 27.Ne6 Bd3 
28.Nxf8 Kxf8 0-1

[Event "HCL-B3922"]
[Site "www.playchess.de"]
[Date "2006.03.24"]
[Round "9"]
[White "Gilt"]
[Black "Bob-O"]
[WhiteElo "1358"]
[BlackElo "1223"]
[PlyCount "47"]
[Result "1-0"]

1.e4 {Hi there!}  e5 {Hello - and good luck to 
you...}  2.f4 {Thx! Have a nice game!}  Nf6 3.Nc3 
Bb4 4.Nf3 Bxc3 5.dxc3 exf4 6.Bxf4 Nxe4 7.Qe2 d5 
8.O-O-O O-O 9.c4 Re8 10.Rxd5 Nd6 11.Qd3 Qf6 12.g3 
Be6 13.Ng5 Bxd5 14.cxd5 g6 15.Bh3 a5 16.Rf1 a4 
17.a3 Ra5 18.Bd2 Qe5 19.Bxa5 Qxg5+ 20.Kb1 b6 
21.Bc3 Qh5 22.Qd4 Kf8 23.Qg7+ Ke7 
24.Bf6+ 1-0

[Event "HCL-T264"]
[Site "www.playchess.de"]
[Date "2006.03.24"]
[Round "15"]
[White "Frost666"]
[Black "Mosselman"]
[WhiteElo "1172"]
[BlackElo "1376"]
[PlyCount "133"]
[Result "1-0"]

1.e4 e5 2.Nf3 Nc6 3.Bb5 a6 4.Ba4 Nf6 5.O-O Be7 
6.Re1 b5 7.Bb3 O-O 8.c3 d6 9.h3 Na5 10.Bc2 Bb7 
11.d4 exd4 12.cxd4 c5 13.b3 Nd7 14.Bb2 Bf6 15.e5 
Be7 16.Qd3 g6 17.Bc1 Kg7 18.Qe3 Bxf3 19.Qxf3 cxd4 
20.exd6 Bxd6 21.Bb2 Qb6 22.Qd5 Kg8 23.Bxd4 Bc5 
24.Bxc5 Nxc5 25.b4 Ne6 26.bxa5 Qxa5 27.Rd1 Rad8 
28.Qe5 Rdc8 29.Bb3 Rc5 30.Qe1 Qxe1+ 31.Rxe1 Nd4 
32.Nd2 Nc2 33.Bxc2 Rxc2 34.Nf3 b4 35.Nd4 Rc3 
36.Rec1 Rfc8 37.Rxc3 Rxc3 38.Nb3 Rc7 39.Rc1 Ra7 
40.a3 a5 41.axb4 axb4 42.Rb1 Rb7 43.Kf1 Kf8 44.Ke1 
Ke7 45.Rb2 Kd6 46.Kd1 Kd5 47.Kc1 Rc7+ 48.Rc2 Rb7 
49.Nc5 Rb5 50.Nb3 Ke4 51.Rc7 Rf5 52.Nd2+ Kd3 53.f3 
Ke2 54.Rc2 Rb5 55.Nb3+ Kd3 56.Kb2 h5 57.Nc1+ Ke3 
58.Re2+ Kf4 59.Nd3+ Kf5 60.Kb3 g5 61.g4+ hxg4 
62.hxg4+ Kg6 63.Nxb4 f5 64.Kc4 Rb6 65.Nd5 Rc6+ 
66.Kd4 fxg4 67.Ne7+ 1-0

[Event "HCL-E1525"]
[Site "www.playchess.de"]
[Date "2006.03.24"]
[Round "30"]
[White "Glomp"]
[Black "Emerson"]
[WhiteElo "1598"]
[BlackElo "1802"]
[PlyCount "72"]
[Result "0-1"]

1.e4 e5 2.Nf3 Qe7 3.Nc3 c6 4.d4 d6 5.Bg5 f6 6.Be3 
Be6 7.d5 Bf7 8.Be2 g5 9.h3 Bg7 10.Qd2 c5 11.Qd3 a6 
12.a3 Nd7 13.O-O h5 14.b4 Rc8 15.bxc5 Nxc5 16.Qd2 
Bg6 17.Bxc5 Rxc5 18.Rab1 Qc7 19.Rb3 Ne7 20.Rfb1 b5 
21.Bd3 Bh6 22.Qe1 O-O 23.Na2 f5 24.Nb4 Qb7 25.R3b2 
f4 26.Nd2 g4 27.hxg4 hxg4 28.Qe2 f3 29.gxf3 gxf3 
30.Qd1 Qd7 31.Kh2 Bf4+ 32.Kg1 Qg4+ 33.Kf1 Bxd2 
34.Qxd2 Bxe4 35.Qe3 Bxd3+ 36.cxd3 
a5 0-1

[Event "HCL-A2617"]
[Site "www.playchess.de"]
[Date "2006.03.24"]
[Round "23"]
[White "victorabiodun03"]
[Black "ama49"]
[WhiteElo "1579"]
[BlackElo "1138"]
[PlyCount "57"]
[Result "1-0"]

1.f4 f5 {Good luck}  2.Nf3 Nf6 3.e3 Nc6 4.d4 e6 
5.c3 Be7 6.Bd3 O-O 7.O-O d5 8.Nbd2 Ne4 9.Bb5 Bd7 
10.Bxc6 Bxc6 11.Ne5 Bb5 12.Re1 Bf6 13.a4 Ba6 
14.Qc2 Nxd2 15.Bxd2 Bxe5 16.fxe5 b6 17.b4 Bc4 
18.Bc1 a6 19.Bd2 b5 20.axb5 axb5 21.Ra5 c6 22.Rea1 
Rxa5 23.Rxa5 Qb6 24.Qb2 Qb7 25.Qa1 h6 26.Ra7 Qb8 
27.Qa5 Kh7 28.Qc7 Qe8 29.Qxg7+ 1-0

[Event "HCL-A2665"]
[Site "www.playchess.de"]
[Date "2006.03.24"]
[Round "10"]
[White "victorabiodun03"]
[Black "PhilipKaveny"]
[WhiteElo "1638"]
[BlackElo "1354"]
[PlyCount "71"]
[Result "1-0"]

1.f4 b6 2.Nf3 Bb7 3.e3 g6 {I am really glad I 
stopped being a Jerk and found my sense of humor 
and continued to play you--The fault was mine}  
4.d4 {we are both xtains and can move away from 
our wrongdoings}  Bg7 {:)  Yes but I suffer so 
much on the chess board}  5.Bd3 Nf6 6.Nbd2 d5 
7.O-O O-O 8.Ne5 c5 9.c3 Ne4 10.Qf3 f5 11.Bxe4 dxe4 
12.Qf2 cxd4 13.exd4 Nc6 14.Ndc4 Nxe5 15.Nxe5 Bxe5 
16.fxe5 e6 17.Qg3 Qd5 18.Be3 Rf7 19.h4 Raf8 20.Qf4 
Ba6 21.Rf2 Rg7 22.Qg3 h5 23.Bh6 f4 24.Rxf4 Rxf4 
25.Bxf4 g5 26.Bxg5 Be2 27.Qe3 Bg4 28.b3 b5 29.Rf1 
Bf5 {(offering draw) Maybe this means you have 
mate in 0ne}  30.Rc1 Bg4 31.c4 bxc4 32.Rxc4 Bf5 
33.Rc8+ Kh7 34.Bf6 Rg4 35.Rh8+ Kg6 
36.Qh6+ 1-0

[Event "HCL-A2655"]
[Site "www.playchess.de"]
[Date "2006.03.24"]
[Round "2"]
[White "PhilipKaveny"]
[Black "pawnstorm"]
[WhiteElo "1334"]
[BlackElo "1525"]
[PlyCount "74"]
[Result "0-1"]

1.e4 c5 2.f4 d5 3.Bb5+ Nc6 4.Nf3 dxe4 5.Ne5 Bd7 
6.Nxd7 Qxd7 7.O-O Nf6 8.c3 e6 9.h3 Be7 10.Na3 O-O 
11.Bxc6 Qxc6 12.Nc4 Rfd8 13.Ne5 Qc7 14.Kh1 Bd6 
15.d4 cxd4 16.cxd4 Nd5 17.Bd2 Qb6 18.Bc3 f6 19.Nc4 
Qc7 20.Nxd6 Qxd6 21.f5 exf5 22.Qb3 Qd7 23.Rad1 g6 
24.Bd2 Kg7 25.Qg3 Rac8 26.Qh4 Rc2 27.Qh6+ Kg8 
28.h4 Qg7 29.g4 fxg4 30.Qxg7+ Kxg7 31.Bf4 Nxf4 
32.Rxf4 f5 33.h5 Rxb2 34.d5 Rxa2 35.hxg6 hxg6 
36.d6 Rd7 37.Rff1 Ra6 0-1

[Event "HCL-C4108"]
[Site "www.playchess.de"]
[Date "2006.03.24"]
[Round "2"]
[White "Genesio"]
[Black "Idris"]
[WhiteElo "1067"]
[BlackElo "844"]
[PlyCount "51"]
[Result "1-0"]

1.e4 {Ciao!}  d5 {Hello}  2.exd5 Qxd5 3.Nc3 Qe6+ 
4.Be2 Nc6 5.Nf3 g6 6.O-O Bd7 7.d4 Qd6 8.Bc4 e6 
9.Re1 Be7 10.Ne4 Qb4 11.Bb3 Na5 12.a3 Qb5 13.Qe2 
Nf6 14.Bg5 O-O 15.Nxf6+ Bxf6 16.Qxb5 Bxb5 17.Bxf6 
Bc6 18.Ba2 Bxf3 19.gxf3 Nc6 20.c3 a5 21.d5 exd5 
22.Bxd5 Rfe8 23.Bxc6 bxc6 24.Re7 Red8 25.Rae1 Rd2 
26.R7e8+ 1-0

[Event "HCL-A2617"]
[Site "www.playchess.de"]
[Date "2006.03.24"]
[Round "28"]
[White "Matu"]
[Black "victorabiodun03"]
[WhiteElo "1536"]
[BlackElo "1579"]
[PlyCount "101"]
[Result "1-0"]

1.Nf3 Nf6 2.b3 g6 3.Bb2 Bg7 4.g3 d6 5.Bg2 O-O 
6.O-O Nc6 7.e3 e5 8.d4 Bg4 9.dxe5 Bxf3 10.Bxf3 Nd7 
11.Bxc6 bxc6 12.Nd2 Nxe5 13.Kg2 Qd7 14.Nf3 Nxf3 
15.Bxg7 Nh4+ 16.gxh4 Kxg7 17.h3 Rad8 18.Qd4+ Kg8 
19.Qxa7 c5 20.Qb7 Rdb8 21.Qf3 Rb4 22.c4 Ra8 
23.Rfd1 Rbb8 24.Rd3 Qe6 25.Qd5 Qxd5+ 26.Rxd5 Rxb3 
27.axb3 Rxa1 28.e4 f6 29.f4 Kf7 30.e5 fxe5 31.fxe5 
Ke6 32.exd6 cxd6 33.Rd3 Re1 34.Kf3 Re5 35.Kf4 d5 
36.Rxd5 Rxd5 37.cxd5+ Kxd5 38.Kg5 Ke5 39.Kh6 Kf4 
40.Kxh7 Kg3 41.Kxg6 Kxh4 42.Kf5 Kxh3 43.Ke5 Kg4 
44.Kd5 Kf4 45.Kxc5 Ke5 46.Kb6 Kd6 47.b4 Kd7 48.Kb7 
Kd8 49.b5 Kd7 50.b6 Kd8 51.Ka7 1-0

[Event "HCL-B3916"]
[Site "www.playchess.de"]
[Date "2006.03.24"]
[Round "17"]
[White "Mosselman"]
[Black "mitke"]
[WhiteElo "1376"]
[BlackElo "1255"]
[PlyCount "70"]
[Result "0-1"]

1.e4 c5 2.Nf3 d6 3.Bc4 e6 4.O-O b6 5.Nc3 Ba6 
6.Bxa6 Nxa6 7.d4 g6 8.Bg5 Be7 9.Bf4 Nc7 10.Qd3 Bf6 
11.Rad1 Ne7 12.dxc5 d5 13.cxb6 axb6 14.e5 Bg7 
15.Nd4 O-O 16.Ncb5 Na6 17.Nd6 Nc5 18.Qb5 Ra5 
19.Qb4 Ra4 20.Qc3 Qd7 21.N4b5 Rxf4 22.f3 Ra4 23.b4 
Nb7 24.Qb3 Raa8 25.f4 Nxd6 26.Nxd6 b5 27.Rda1 Nc8 
28.Nxc8 Rfxc8 29.Rfd1 Rc4 30.g3 Bf8 31.c3 Rac8 
32.Rd3 Qc7 33.Rc1 Bxb4 34.a3 Rxc3 35.Rdxc3 
Bxc3 0-1

[Event "HCL-A2658"]
[Site "www.playchess.de"]
[Date "2006.03.24"]
[Round "31"]
[White "victorabiodun03"]
[Black "freno"]
[WhiteElo "1608"]
[BlackElo "1596"]
[PlyCount "59"]
[Result "1-0"]

1.f4 d5 2.Nf3 Nf6 3.e3 Bg4 4.d4 e6 5.Bd3 Nbd7 
6.O-O Bd6 7.Nbd2 O-O 8.c3 c5 9.h3 Bxf3 10.Qxf3 
cxd4 11.exd4 Qc7 12.g4 g6 13.h4 Nb6 14.h5 Kg7 
15.Rf2 a6 16.Nf1 Nc4 17.Ng3 b5 18.g5 Ng8 19.Qg4 
Ne7 20.b3 Nb6 21.Bd2 Nf5 22.Nxf5+ exf5 23.Qh4 Rae8 
24.Raf1 Re6 25.Rh2 Rh8 26.hxg6 fxg6 27.Qh6+ Kg8 
28.Bxf5 {oh no,KF7 was better}  Bf8 29.Bxe6+ {oh 
no what are you doing!!;You definitely hit the 
self destruct button hard.}  Qf7 {arhhh, I didn't 
see the your evident move. Thank you for the game} 
 30.Bxf7+ {cheers}  1-0

[Event "HCL-B3951"]
[Site "www.playchess.de"]
[Date "2006.03.24"]
[Round "10"]
[White "Coffeehouse"]
[Black "Henry2506"]
[WhiteElo "2026"]
[BlackElo "1500"]
[PlyCount "21"]
[Result "1-0"]

1.e4 c5 2.Nf3 e6 3.d4 cxd4 4.Nxd4 a6 5.Nc3 Nc6 
6.Be3 Nf6 7.Bd3 Bd6 8.f4 e5 9.Nf5 O-O 10.Nxd6 exf4 
11.Bxf4 1-0

[Event "HCL-E1525"]
[Site "www.playchess.de"]
[Date "2006.03.24"]
[Round "19"]
[White "Toni76"]
[Black "BigAl"]
[WhiteElo "1840"]
[BlackElo "1540"]
[PlyCount "48"]
[Result "0-1"]

1.Nf3 {Hi good luck}  d5 {Thanks, good to meet 
you, good luck in the tournament}  2.d4 g6 3.c4 e6 
{A very happy Christmas to you and your family, I 
hope 2006 is a great year for you}  4.Nc3 {Thank 
you, merry christmas for you and your family too; 
I had a good year 2005, so I'm looking forward to 
2006}  Bg7 5.Bg5 Ne7 6.e4 c6 7.Qd2 O-O 8.e5 Nd7 
9.Be2 c5 10.cxd5 exd5 11.Nxd5 f6 12.exf6 Nxf6 
13.Nxf6+ Bxf6 14.Bc4+ Kh8 15.Bxf6+ Rxf6 16.dxc5 
Qf8 17.O-O Bg4 18.Ne5 Be6 19.Bxe6 Rxe6 20.Qc3 Kg8 
21.Rad1 Rc8 22.Qc4 Qf5 23.Rd6 Qxe5 24.Rxe6 
Qxc5 0-1